000 00439nam a2200169Ia 4500
008 220531s9999 xx 000 0 und d
041 _amar
100 _aधोंडगे दि.
_959148
245 _aतुका म्‍हण भाग २
250 _a1ST
260 _aShrirampur
_bShabdalay
_c2013
300 _a792
542 _d24-03-2014
650 _aMarathi
_959149
906 _d2013-2014
999 _c33859
_d33859